Responses for Show #7853 - Wednesday, October 31, 2018

Contestants

[<< previous game]

Swapna Sathe, an engineering manager from Loveland, Ohio

Adam Soffrin, a behavior analyst from San Francisco, California

Emily Frey, a professor from Swarthmore, Pennsylvania (whose 1-day cash winnings total $17,701)

[next game >>]

Jeopardy! Round responses

GAME SHOW HOSTS
TAKE A "NEE"
REPORTS OF MY DEATH...
IT'S A WITCH
A SKELETON
GIVE THEM SOME CANDY
    $200 10
Snoop Dogg

Adam
    $200 12
a nominee

Emily
    $200 28
Joe DiMaggio

Emily
    $200 1
Macbeth

Adam
    $200 21
ribs

Emily
    $200 2
taffy

Emily
    $400 17
Drew Carey

Adam
    $400 13
a sneer

Adam
    $400 27
The New York Times

Swapna
    $400 7
Wicked

Emily
    $400 22
the mandible

Emily
    $400 3
almonds

Emily
    $600 18
Hollywood Squares

Adam
    $600 14
Pawnee

Adam
    $600 26
James Earl Ray

Swapna
    $600 8
(Rowena) Ravenclaw

Swapna
    $1,400 23
(Alex: Hurry.)
(Emily: I don't know.)

the radius

Emily
    $600 4
nougat

Emily
    $800 19
Meredith Vieira

Emily
    $800 15
mutineers

Emily
    $800 29
(Emily: Who is James Baker?)
...
[The end-of-round signal sounds.]

Dick Cheney

Emily
Triple Stumper
    $800 9
a little broomstick

Triple Stumper
    $800 24
(Alex: Less than a minute now.)

tarsus

Emily
    $800 5
(Adam: What is liqueur?)

liquor

AdamSwapna
    $1000 20
Barris

Adam
    $1000 16
needle-nose

Adam
    $1000 11
The Witches of Eastwick

Triple Stumper
    $1000 25
the cranium

Triple Stumper
    $1000 6
pralines

Emily

Scores at the first commercial break (after clue 15):

Emily Adam Swapna
$3,600 $600 $1,400

Scores at the end of the Jeopardy! Round:

Emily Adam Swapna
$3,800 $3,600 $2,400

Double Jeopardy! Round responses

HALLOWEEN WITH GENE SIMMONS
(Alex: Of KISS, yes.)
THE FIRST MILLENNIUM
PHILOSOPHY
WORLD CAPITAL PUNISHMENT
SONG TITLE WOMEN BY LYRIC
OTTOMAN-OPOEIA
    $400 10
Gaelic

Emily
    $400 1
Dublin

Emily
    $400 5
Plato

Emily
    $400 7
Myanmar

Emily
    $400 19
"Billie Jean"

Emily
    $400 16
laughter

Emily
    $800 25
"trick or treat"

Emily
    $800 2
Nero

Swapna
    $800 6
fuzzy

Swapna
    $800 12
Santiago

Emily
    $800 21
"Mandy"

Swapna
    $800 17
a sneeze

Emily
    $1200 26
(Emily: Who is Freddy Krueger?)

Michael Myers

EmilyAdam
    $1200 3
the Mayan civilization

Triple Stumper
    $2,000 8
angst

Emily
    $4,000 13
Bridgetown

Emily
    $1200 22
"Alison"

Adam
    $1200 18
Z

Swapna
    $1600 27
"Monster Mash"

Emily
    $1600 4
the Venerable Bede

Triple Stumper
    $1600 9
aesthetics

Adam
    $1600 14
Kampala

Emily
    $1600 23
Jane

Triple Stumper
    $1600 20
a heart

Swapna
    $2000 28
(Alex: I wanna take a moment to thank Gene Simmons. He was terrific, and KISS has just announced the "End of the Road" tour, "One Last KISS". Great.)

danse macabre

Swapna
    $2000 29
Egypt

Triple Stumper
    $2000 11
utilitarianism

Swapna
    $2000 15
Tashkent

Emily
    $2000 24
"Rhiannon"

Swapna
    $2000 30
clockwork

Swapna

Scores at the end of the Double Jeopardy! Round:

Emily Adam Swapna
$18,600 $7,600 $15,600

[wagering suggestions for these scores]

Final Jeopardy! Round responses

1960s FILMS
AdamWhat is Goldfinger
$7,598
SwapnaWhat is Psycho?
$5,000
EmilyWhat is Psycho
$12,601
Psycho

Final scores:

Emily Adam Swapna
$31,201 $2 $20,600
2-day champion: $48,902 3rd place: $1,000 2nd place: $2,000

Game dynamics:

Coryat scores:

Emily Adam Swapna
$16,400 $7,600 $15,600
26 R
(including 2 DDs),
3 W
(including 1 DD)
11 R,
1 W
13 R,
0 W

Combined Coryat: $39,600

[game clues] [game scores] [suggest correction]

Game tape date: 2018-08-22
The J! Archive is created by fans, for fans. Scraping, republication, monetization, and malicious use prohibited; this site may use cookies and collect identifying information. See terms. The Jeopardy! game show and all elements thereof, including but not limited to copyright and trademark thereto, are the property of Jeopardy Productions, Inc. and are protected under law. This website is not affiliated with, sponsored by, or operated by Jeopardy Productions, Inc. Join the discussion at JBoard.tv.